|
|
|
|
| LEADER |
00000nab a2200000 a 4500 |
| 001 |
vtls010180628 |
| 003 |
SK-MaSNL |
| 005 |
20260305025822.0 |
| 008 |
250507c2010 xo ||||||||||||00 b|slo |
| 015 |
|
|
|a SNBRB2010/10
|2 snkbucl
|
| 035 |
|
|
|a (uuid)422ed3eb-87e9-410f-b344-04a53b259836
|
| 035 |
|
|
|a urn:nbn:sk:snk-abf5w5
|
| 035 |
|
|
|a (urnnbn)urn:nbn:sk:snk:ar-007i4i
|
| 038 |
|
|
|a SNKBUCL
|
| 040 |
|
|
|a SNKBUCL
|b slo
|c SNKBUCL
|e AACR2
|
| 041 |
0 |
|
|a slo
|a eng
|
| 044 |
|
|
|a xo
|c SK
|
| 080 |
|
|
|a 624.21:625.745.12
|x (437.6)
|2 2001
|
| 080 |
|
|
|a 625.711.3
|2 2001
|
| 080 |
|
|
|a 625.745.12
|2 2001
|
| 100 |
1 |
|
|a Máša, Peter
|4 aut
|9 1160709
|
| 245 |
1 |
0 |
|a Rýchlostná cesta R3 Trstená - obchvat
|c Peter Máša
|
| 246 |
3 |
4 |
|a The R3 Expressway Trstená Bypass
|
| 300 |
|
|
|b Fotogr.
|
| 546 |
|
|
|a Res. angl.
|
| 650 |
0 |
7 |
|a rýchlostné cesty
|2 snkbucl
|9 70926
|
| 650 |
0 |
7 |
|a cestné stavby
|2 snkbucl
|9 63766
|
| 650 |
0 |
7 |
|a cestné mosty
|2 snkbucl
|9 59043
|
| 650 |
0 |
7 |
|a mostné staviteľstvo
|2 snkbucl
|9 72880
|
| 651 |
|
7 |
|a Trstená (Slovensko)
|2 snkbucl
|9 170148
|
| 651 |
|
7 |
|a Tvrdošín (Slovensko : okres)
|2 snkbucl
|9 56288
|
| 655 |
|
7 |
|a štúdie
|2 snkbucl
|9 57033
|
| 773 |
0 |
|
|t Inžinierske stavby = Inženýrské stavby
|g Roč. 58, č. 5 (2010), s. 38-39
|x 1335-0846
|
| 850 |
|
|
|a Slovenská národná knižnica
|
| 852 |
|
|
|a Slovenská národná knižnica
|
| 954 |
|
|
|a odborná, vedecká literatúra pôvodná (slovenská)
|2 lita
|
| 958 |
|
|
|a article2022
|
| 958 |
|
|
|a SK
|
| 958 |
|
|
|a OND
|
| 958 |
|
|
|a EUIPO
|
| 999 |
|
|
|c 3307652
|d 3309582
|